000 00562cam a22002057a 4500
001 35731
005 20230410103521.0
008 820128|1979 dr 000 0 spa
035 _9(DLC) 82109523
035 _a4226985
010 _a82109523
040 _aDLC
_cDLC
_dDLC
050 1 4 _a118 PQ 7409
_bH557c 1979
100 2 _aHernández Rueda, Lupo,
_d1930-.
245 1 0 _aCírculo /
_cLupo Hernández Rueda.
260 _aSanto Domingo, R.D. :
_bAmigo del Hogar,
_c1979
300 _a79 p. ; 20 cm.
650 4 _aLiteratura dominicana
942 _2lcc
_cbk
999 _c20385
_d20385